Statystyki dla Piłkarska kariera - Douglas Costa

Kliknij tutaj aby rozwiązać quiz!

Ogólne statystyki

  • Ten quiz został rozwiązany 37 razy
    (9 od ostatniego zresetowania)
  • Średni wynik to 9 z 13

Statystyki odpowiedzi

Kraj klubuRokKlub% Poprawnych
Niemcy2015-2017Bayern Monachium
100%
Niemcy2018Bayern Monachium
100%
Niemcy2020-2021Bayern Monachium
100%
Włochy2017-2018Juventus
86%
Włochy2018-2020Juventus
86%
Włochy2021Juventus
86%
Włochy2022Juventus
86%
USA2022-Los Angeles Galaxy
71%
Ukraina2010-2015Szachtar Donieck
71%
Brazylia2007-2010Grêmio
29%
Brazylia2021-2022Grêmio
29%
Brazylia2022Grêmio
29%
USA2022Los Angeles
29%

Rozkład punktacji

Percentyl według liczby udzielonych odpowiedzi

Procent ludzi z każdym wynikiem

Twoja historia wyników

Nie rozwiązałeś tego quizu od ostatniego zresetowania